Atlas universal y de Chile regionalizado Zig-Zag
Salvato in:
| Autori principali: | , , |
|---|---|
| Natura: | Libro |
| Lingua: | spagnolo |
| Pubblicazione: |
Santiago
Zig-Zag
2002
|
| Edizione: | 14a. ed |
| Soggetti: | |
| Tags: |
Aggiungi Tag
Nessun Tag, puoi essere il primo ad aggiungerne!!
|
MARC
| LEADER | 00000nam a2200000 a 4500 | ||
|---|---|---|---|
| 001 | UCL3601 | ||
| 003 | CL-VaPUC | ||
| 008 | 031128e20020000CL |||||||||||||||||spa|d | ||
| 020 | |a 9561210177 | ||
| 082 | 0 | 4 | |a 912 |b GON |2 21 |
| 100 | |a González Leiva, José Ignacio |9 834007 | ||
| 700 | |a Errázuriz Korner, Ana María |e author |9 307242 | ||
| 700 | 0 | |a Rodríguez Peña, Félix |e author |9 480951 | |
| 245 | 1 | 0 | |a Atlas universal y de Chile regionalizado Zig-Zag |
| 250 | |a 14a. ed | ||
| 300 | |a 96 p | ||
| 942 | |c BK | ||
| 945 | |d 20031128 00:00:00 |a cmena | ||
| 260 | |a Santiago |b Zig-Zag |c 2002 | ||
| 650 | 0 | |a Atlas |9 260843 | |
| 650 | 0 | |a Mapas |9 260844 | |
| 650 | 0 | |a Geografía |9 259346 | |
| 583 | |a last modification |c 20031128 00:00:00 |k Rodrigo Vera | ||
| 999 | |c 306621 |d 306619 | ||
| 952 | |0 0 |1 0 |4 0 |6 912_000000000000000_GON_2002 |7 0 |8 A |9 371768 |a BIBEDU |b BIBEDU |d 2019-11-21 |i 3954757 |o 912 GON 2002 |p 3954757 |r 2023-01-13 |w 2019-11-21 |y BK |k EBA | ||